LEADER 01107nam0 22003013i 450 001 LIA0089530 005 20231121125511.0 100 $a20160429d1959 ||||0itac50 ba 101 | $aita 102 $ait 181 1$6z01$ai $bxxxe 182 1$6z01$an 200 1 $aAlessandro Manzoni$fAttilio Momigliano 205 $a5. ed. interamente riv. e parzialmente rifatta 210 $aMilano$aMessina$cG. Principato$dstampa1959 215 $aXII, 273 p.$d21 cm. 606 $aManzoni, Alessandro <1785-1873>$2FIR$3CFIC228759$9N 676 $a850.7$9Letteratura italiana. 1814-1859. (19. Sec.)$v22 700 1$aMomigliano$b, Attilio$3CFIV059990$4070$0179507 790 1$aFlores$b, Giorgio$3NAPV202400$zMomigliano, Attilio 801 3$aIT$bIT-01$c20160429 850 $aIT-FR0017 899 $aBiblioteca umanistica Giorgio Aprea$bFR0017 $eN 912 $aLIA0089530 950 0$aBiblioteca umanistica Giorgio Aprea$d 52MAG 6/432$e 52SBA0000201605 VMN RS $fA $h20160502$i20160502 977 $a 52 996 $aAlessandro Manzoni$9144163 997 $aUNICAS LEADER 01995nam0 2200445 i 450 001 VAN00123723 005 20240806100814.264 017 70$2N$a9783319511719 100 $a20191001d2017 |0itac50 ba 101 $aeng 102 $aCH 105 $a|||| ||||| 200 1 $aˆAn ‰Introduction to Modeling Neuronal Dynamics$fChristoph Börgers 210 $aCham$cSpringer$d2017 215 $axiii, 457 p.$cill.$d24 cm 410 1$1001VAN00033353$12001 $aTexts in applied mathematics$1210 $aNew York [etc.]$cSpringer$d1988-$v66 500 1$3VAN00235387$aˆAn ‰Introduction to Modeling Neuronal Dynamics$91562221 606 $a37N25$xDynamical systems in biology [MSC 2020]$3VANC020364$2MF 606 $a92C20$xNeural biology [MSC 2020]$3VANC020365$2MF 606 $a92C42$xSystems biology, networks [MSC 2020]$3VANC029020$2MF 606 $a97M60$xBiology, chemistry, medicine (aspects of mathematics education) [MSC 2020]$3VANC031095$2MF 610 $aBrain Rhythms$9KW:K 610 $aComputational Neurosciences$9KW:K 610 $aDifferential equations$9KW:K 610 $aDynamics$9KW:K 610 $aHodgkin-Huxley equations$9KW:K 610 $aMathematical modeling$9KW:K 610 $aSingle Neuron Models$9KW:K 610 $aSynchronization$9KW:K 620 $aCH$dCham$3VANL001889 700 1$aBörgers$bChristoph$3VANV095177$0767346 712 $aSpringer $3VANV108073$4650 801 $aIT$bSOL$c20250606$gRICA 856 4 $uhttp://doi.org/10.1007/978-3-319-51171-9$zE-book ? Accesso al full-text attraverso riconoscimento IP di Ateneo, proxy e/o Shibboleth 899 $aBIBLIOTECA DEL DIPARTIMENTO DI MATEMATICA E FISICA$1IT-CE0120$2VAN08 912 $fN 912 $aVAN00123723 950 $aBIBLIOTECA DEL DIPARTIMENTO DI MATEMATICA E FISICA$d08DLOAD e-book 0552 $e08eMF552 20191001 996 $aIntroduction to Modeling Neuronal Dynamics$91562221 997 $aUNICAMPANIA